LEADER 01264nam--2200385---450- 001 990001874810203316 005 20091111125851.0 010 $a0-521-01089-6 035 $a000187481 035 $aUSA01000187481 035 $a(ALEPH)000187481USA01 035 $a000187481 100 $a20040726d2001----km-y0enga50------ba 101 $aeng 102 $aGB 105 $a||||||||001yy 200 1 $aAustralians and globalisation$ethe experience of two centuries$fBrian Galligan, Winsome Roberts, Gabrella Trifiletti 210 $aCambridge$cCambridge University Press$d2001 215 $aVI, 217 p.$d23 cm 606 0 $aGlobalizzazione 607 $aAustralia$xRelazioni economiche internazionali 676 $a337.94 700 1$aGALLIGAN,$bBrian$0527126 701 1$aROBERTS,$bWinsome$0564752 701 1$aTRIFILETTI,$bGabriella$0564753 801 0$aIT$bsalbc$gISBD 912 $a990001874810203316 951 $aXXIII.1.N. 333 (IG VIII 16 ING 995)$b42611 G.$cXXIII.1.N. 333 (IG VIII)$d00136714 959 $aBK 969 $aGIU 979 $aMARIA$b10$c20040726$lUSA01$h1037 979 $aANNASEN$b90$c20050207$lUSA01$h1532 979 $aRSIAV2$b90$c20091111$lUSA01$h1258 996 $aAustralians and globalisation$9955090 997 $aUNISA LEADER 01714nam a2200397 a 4500 001 991001328579707536 005 20040606002454.0 008 040309s2004 enk b 001 0 eng 010 $a2003020295 020 $a0415222214 020 $a0415222222 (pbk.) 035 $ab13355752-39ule_inst 040 $aDip.to Lingue$bita 082 00$a400$222 100 1 $aCurrie, Mark,$d1962-$0465300 245 10$aDifference /$cMark Currie. 260 $aLondon ;$aNew York :$bRoutledge,$c2004. 300 $avi, 145 p. ;$c21 cm. 490 1 $aThe new critical idiom 504 $aIncludes bibliographical references (p. [137]-141) and index. 650 4$aDifferenza$xFilosofia 650 0$aPhilology. 650 0$aDifference (Philosophy) 830 0$aNew critical idiom. 856 41$3Table of contents$uhttp://www.loc.gov/catdir/toc/ecip049/2003020295.html$zTable of Contents 856 41$3Table of contents$uhttp://www.loc.gov/catdir/toc/ecip049/2003020295.html$zTable of Contents 856 41$3Table of contents$uhttp://www.loc.gov/catdir/toc/ecip049/2003020295.html$zTable of Contents 856 41$3Table of contents$uhttp://www.loc.gov/catdir/toc/ecip049/2003020295.html$zTable of Contents 856 41$3Table of contents$uhttp://www.loc.gov/catdir/toc/ecip049/2003020295.html$xUCLA 856 41$3Table of contents$uhttp://www.loc.gov/catdir/toc/ecip049/2003020295.html$zTable of Contents 907 $a.b13355752$b09-03-22$c16-11-05 912 $a991001328579707536 945 $aLE012 121 CUR$g1$i2012000103733$lle012$o-$pE0.00$q-$rl$s- $t0$u0$v0$w0$x0$y.i14153178$z16-11-05 996 $aDifference$91093091 997 $aUNISALENTO 998 $ale012$b16-11-05$cm$da $e-$feng$genk$h0$i0